| 000 | 00383 a2200145 4500 | ||
|---|---|---|---|
| 001 | 164439 | ||
| 020 | _a | ||
| 040 | _cMagnum | ||
| 100 | _aVianna, Claudia | ||
| 240 | 1 | 0 |
_aOs nos do nos: crise e perspectivas da acao coletiva docente em sp _lpor |
| 245 | 1 | 0 | _aOs nos do nos: crise e perspectivas da acao coletiva docente em sp |
| 362 | 0 | _a1899 | |
| 697 | _aENSINO | ||
| 942 | _cBK | ||
| 999 |
_c164439 _d164439 |
||